<?xml version="1.0" encoding="UTF-8"?>
<record
    xmlns:xsi="http://www.w3.org/2001/XMLSchema-instance"
    xsi:schemaLocation="http://www.loc.gov/MARC21/slim http://www.loc.gov/standards/marcxml/schema/MARC21slim.xsd"
    xmlns="http://www.loc.gov/MARC21/slim">

  <leader>00534    a2200181   4500</leader>
  <datafield tag="999" ind1=" " ind2=" ">
    <subfield code="c">127</subfield>
    <subfield code="d">127</subfield>
  </datafield>
  <controlfield tag="008">211129b           ||||| |||| 00| 0 eng d</controlfield>
  <datafield tag="020" ind1=" " ind2=" ">
    <subfield code="a">9789332534452</subfield>
  </datafield>
  <datafield tag="100" ind1=" " ind2=" ">
    <subfield code="a">Besterfield, Dale H.</subfield>
  </datafield>
  <datafield tag="245" ind1=" " ind2=" ">
    <subfield code="a">Total quality management</subfield>
  </datafield>
  <datafield tag="250" ind1=" " ind2=" ">
    <subfield code="a">4th ed.</subfield>
  </datafield>
  <datafield tag="260" ind1=" " ind2=" ">
    <subfield code="b">Pearson India Education Services Pvt. Ld.</subfield>
    <subfield code="a">Noida</subfield>
    <subfield code="c">2017</subfield>
  </datafield>
  <datafield tag="300" ind1=" " ind2=" ">
    <subfield code="a">xxv, 495p.</subfield>
  </datafield>
  <datafield tag="650" ind1=" " ind2="0">
    <subfield code="a">Total quality management</subfield>
  </datafield>
  <datafield tag="700" ind1=" " ind2=" ">
    <subfield code="9">3036</subfield>
    <subfield code="a">Besterfield, D. H.</subfield>
  </datafield>
  <datafield tag="700" ind1=" " ind2=" ">
    <subfield code="9">5159</subfield>
    <subfield code="a">Besterfield-Michna, Carol</subfield>
  </datafield>
  <datafield tag="700" ind1=" " ind2=" ">
    <subfield code="9">5160</subfield>
    <subfield code="a">Besterfield, Sacre Mary</subfield>
  </datafield>
  <datafield tag="942" ind1=" " ind2=" ">
    <subfield code="2">ddc</subfield>
    <subfield code="c">BK</subfield>
  </datafield>
  <datafield tag="952" ind1=" " ind2=" ">
    <subfield code="0">0</subfield>
    <subfield code="1">0</subfield>
    <subfield code="2">ddc</subfield>
    <subfield code="4">0</subfield>
    <subfield code="6">658_401300000000000_B4649</subfield>
    <subfield code="7">0</subfield>
    <subfield code="9">590</subfield>
    <subfield code="a">CL</subfield>
    <subfield code="b">CL</subfield>
    <subfield code="d">2018-04-23</subfield>
    <subfield code="e">Apex Book Services</subfield>
    <subfield code="g">587.16</subfield>
    <subfield code="o">658.4013 B4649</subfield>
    <subfield code="p">12907</subfield>
    <subfield code="r">2019-09-09</subfield>
    <subfield code="v">699.00</subfield>
    <subfield code="y">BK</subfield>
  </datafield>
  <datafield tag="952" ind1=" " ind2=" ">
    <subfield code="0">0</subfield>
    <subfield code="1">0</subfield>
    <subfield code="2">ddc</subfield>
    <subfield code="4">0</subfield>
    <subfield code="6">658_401300000000000_B4649</subfield>
    <subfield code="7">0</subfield>
    <subfield code="9">591</subfield>
    <subfield code="a">CL</subfield>
    <subfield code="b">CL</subfield>
    <subfield code="d">2018-04-23</subfield>
    <subfield code="e">Apex Book Services</subfield>
    <subfield code="g">587.16</subfield>
    <subfield code="o">658.4013 B4649</subfield>
    <subfield code="p">12908</subfield>
    <subfield code="r">2019-09-09</subfield>
    <subfield code="v">699.00</subfield>
    <subfield code="y">BK</subfield>
  </datafield>
  <datafield tag="952" ind1=" " ind2=" ">
    <subfield code="0">0</subfield>
    <subfield code="1">0</subfield>
    <subfield code="2">ddc</subfield>
    <subfield code="4">0</subfield>
    <subfield code="6">658_401300000000000_B4649</subfield>
    <subfield code="7">0</subfield>
    <subfield code="9">592</subfield>
    <subfield code="a">CL</subfield>
    <subfield code="b">CL</subfield>
    <subfield code="d">2018-04-23</subfield>
    <subfield code="e">Apex Book Services</subfield>
    <subfield code="g">587.16</subfield>
    <subfield code="o">658.4013 B4649</subfield>
    <subfield code="p">12909</subfield>
    <subfield code="r">2019-09-09</subfield>
    <subfield code="v">699.00</subfield>
    <subfield code="y">BK</subfield>
  </datafield>
  <datafield tag="952" ind1=" " ind2=" ">
    <subfield code="0">0</subfield>
    <subfield code="1">0</subfield>
    <subfield code="2">ddc</subfield>
    <subfield code="4">0</subfield>
    <subfield code="6">658_401300000000000_B4649</subfield>
    <subfield code="7">0</subfield>
    <subfield code="9">593</subfield>
    <subfield code="a">CL</subfield>
    <subfield code="b">CL</subfield>
    <subfield code="d">2018-04-23</subfield>
    <subfield code="e">Apex Book Services</subfield>
    <subfield code="g">587.16</subfield>
    <subfield code="o">658.4013 B4649</subfield>
    <subfield code="p">12910</subfield>
    <subfield code="r">2019-09-09</subfield>
    <subfield code="v">699.00</subfield>
    <subfield code="y">BK</subfield>
  </datafield>
</record>
